000 00955nam a2200241 a 4500
001 000026631
005 20200930030326.0
008 110324s2004 dr a 000 0 spa d
040 _aDO-SdBNP
_bspa
_cBNPHU
082 _a972.9358
_bP344p
100 1 _aPayero Brisso, Juan Francisco,
_d1948-
_953737
245 1 0 _aPuerto Plata, del sur de la Florida /
_cJuan Fco. Payero Brisso.
260 _aSanto Domingo :
_bImpresos Acevedo,
_c2004.
300 _a181 p. :
_bil. ;
_c21 cm.
500 _aIncluye notas al pie de las páginas.
500 _aIncluye datos biográficos del autor en la contracubierta.
504 _aBibliografía: p. 179-181
650 4 _aCiudades y pueblos
_zRepública Dominicana
_xHistoria
_98393
651 4 _aPuerto Plata (República Dominicana{Rpara}
_xHistoria Local
_91943
651 4 _aPuerto Plata (República Dominicana{Rpara}
_xVida Social Y Costumbres
_923251
910 _aValidado. Control de calidad MFF
049 _aBNPD
999 _c26123
_d26123